000 00467nam a22001697a 4500
999 _c15720
_d15720
003 OSt
082 _a664
_bANU/D
088 _aP 450
100 _aAnusree Anil
_94257
100 _aNayana T K
_94258
100 _aNimisha P M
_94259
100 _aPavithra P A
_94260
245 _aDevelopment and quality evaluation of nutrient enriched RTE
260 _aTavanur
_bDepartment of Process and Food engineering
_c2019
700 _aPrince M V (guide)
_93297
942 _cPR